Hungary : Selected Issues.

This Selected Issues paper examines the external sector issues in Hungary. It looks at some traditional indicators of external competitiveness, and provides basic background on key macroeconomic developments, including the current account and its financing. The paper examines various measures of the...

Celý popis

Podrobná bibliografie
Korporativní autor: International Monetary Fund
Médium: Časopis
Jazyk:English
Vydáno: Washington, D.C. : International Monetary Fund, 2003.
Edice:IMF Staff Country Reports; Country Report ; No. 2003/125
On-line přístup:Full text available on IMF
LEADER 01638cas a2200241 a 4500
001 AALejournalIMF002449
008 230101c9999 xx r poo 0 0eng d
020 |c 5.00 USD 
020 |z 9781451817928 
022 |a 1934-7685 
040 |a BD-DhAAL  |c BD-DhAAL 
110 2 |a International Monetary Fund. 
245 1 0 |a Hungary :   |b Selected Issues. 
264 1 |a Washington, D.C. :  |b International Monetary Fund,  |c 2003. 
300 |a 1 online resource (67 pages) 
490 1 |a IMF Staff Country Reports 
500 |a <strong>Off-Campus Access:</strong> No User ID or Password Required 
500 |a <strong>On-Campus Access:</strong> No User ID or Password Required 
506 |a Electronic access restricted to authorized BRAC University faculty, staff and students 
520 3 |a This Selected Issues paper examines the external sector issues in Hungary. It looks at some traditional indicators of external competitiveness, and provides basic background on key macroeconomic developments, including the current account and its financing. The paper examines various measures of the real effective exchange rate, the labor market considerations, and actual export performance. The paper concludes that although external competitiveness of the Hungarian economy has not been permanently impaired and the country is doing well from various vantage points, a significant dent has been put in competitiveness. 
538 |a Mode of access: Internet 
830 0 |a IMF Staff Country Reports; Country Report ;  |v No. 2003/125 
856 4 0 |z Full text available on IMF  |u http://elibrary.imf.org/view/journals/002/2003/125/002.2003.issue-125-en.xml  |z IMF e-Library